Statistiche per Clicca sul Continente corretto

Clicka qui per fare il quiz!

Statistiche generali

  • Questo quiz è stato fatto 5.579 volte
  • Il punteggio medio è 11 su 20

Statistiche sulle risposte

HintRisposta% Corretto
Il più popolosoAsia
86%
Con più specie di animali marsupialiOceania
77%
Contiene la città di MoscaEuropa
76%
Con più tornadoAmerica del Nord
73%
Con la più alta temperatura mediaAfrica
71%
Dove è stata inventata la PallacanestroAmerica del Nord
70%
Il più estesoAsia
65%
Età media degli abitanti più bassaAfrica
64%
Età media degli abitanti più altaEuropa
63%
Dal quale provengono la maggior parte dei migliori 100 maratoneti al mondoAfrica
58%
Con il maggior numero di laghiAmerica del Nord
53%
Di cui fa parte la Costa RicaAmerica del Nord
52%
Con esattamente solo 2 paesi senza sbocco sul mareAmerica del Sud
51%
Con la più alta velocità del ventoAntartide
40%
Con più pecore che personeOceania
38%
Da dove originariamente provengono le patateAmerica del Sud
37%
Con più specie di uccelliAmerica del Sud
30%
Con più medaglie d'oro olimpiche vinteEuropa
24%
Con meno precipitazioniAntartide
23%
Con la maggiore quantità di produzione economicaAsia
22%

Distribuzione punteggi

Percentile per numero di risposta

Percentuale di utenti per punteggio

I tuoi punteggi nel tempo

Non hai fatto questo quiz